| 000 | 00479nam a22001577a 4500 | ||
|---|---|---|---|
| 005 | 20251108164643.0 | ||
| 008 | 250721s1999 xx 000 0 ara d | ||
| 082 | 1 | 4 | _a658.8/صمي |
| 100 | 1 | _aالصميدعي، محمود جاسم | |
| 245 | 1 | 0 |
_aإستراتيجية التسويق : _bمدخل كمي و تحليلي / |
| 264 | 1 |
_aعمان : _bدار الحامد للنشر، _c1999. |
|
| 300 | _a329ص | ||
| 650 | 1 | 7 | _aالتسويق |
| 942 |
_2ddc _cBK |
||
| 999 |
_c11033 _d11033 |
||